000 00402nam a2200145Ia 4500
008 090124s9999 xx 000 0 und d
082 _b134176
_a104106
245 _a प्रतिशोध
250 _a1
260 _bमाडखोलकर चंद्रशेखर.
_c2006
300 _a124
630 _a प्रतिशोध
730 _a प्रतिशोध
942 _cBOOK
999 _c182033
_d182033